=LDR 00000nam 2200000 4500 =001 INLIS000000000026475 =005 20130612124920 =008 ***********************************ind** =035 ##$$0010-061300000026475 =041 ##$$a ind =082 ##$$a 371.37 =090 ##$$a 371.37, MUR p =100 ##$$a Murray, Sheila L =245 ##$$a Petunjuk penyelenggaraan dan pengaturan seminar, Sheila L. Murray; penerjemah, Soeharri Tp =260 ##$$a 1993 $b Solo =300 ##$$a vii, 283 hlm., ilus., 21 cm =650 ##$$a Manajemen Rapat =850 ##$$a NBPNMAT